000 01076cam a22003257a 4500
003 CHAP
005 20220329142450.0
008 010330s mx a r o00010 spa d
010 _a83865
011 _a84837
035 _a95363
040 _cCHAP
090 _aFolleto 15471
100 0 0 _aRivero Duarte, Ernesto.
_997793
245 1 0 _aCría familiar de conejos
_c/por Ernesto Rivero Duarte
260 _aToluca, Méx. :
_bDirección de Agricultura y Ganadería. Departamento de Divulgación,
_c[s.a.]
300 _ahoja desplegable :
_bilus.
490 0 _aCircular DAGEM
_v; 23
590 _aBATCH-UPD
_b10
_c20130110
_lUCH01
_h0828
590 _aBATCH-UPD
_b10
_c20130410
_lUCH01
_h0505
590 _aBATCH-UPD
_b10
_c20130914
_lUCH01
_h0941
590 _aCONVERSION
_b10
_c20130109
_lUCH01
_h1347
650 1 4 _aConejos
_xAlimentación.
_926353
650 1 4 _aCunicultura.
_930449
830 0 _aCircular DAGEM
_v; 23
_923378
901 _aBK
905 _aMarco A. Mendoza T.
942 _cFOLL
949 _aFolleto 15471
_bBC
_cFOLL
_d33724002016330
_eTS1
_gDonaciØn
_i95363
_st
999 _c83865
_d83865